|
|
|
|
| LEADER |
01206nam a2200313 a 4500 |
| 001 |
1570 |
| 003 |
BD-DhAAL |
| 005 |
20150502094245.0 |
| 008 |
150502s1985 cau b 000 0 eng |
| 010 |
|
|
|a 85011716
|
| 020 |
|
|
|a 0803925107
|
| 020 |
|
|
|a 0803925115 (pbk.)
|
| 040 |
|
|
|a DLC
|c DLC
|d DLC
|d BD-DhAAL
|
| 050 |
0 |
0 |
|a HD3611
|b .S76 1985
|
| 082 |
0 |
0 |
|a 338.9
|2 19
|
| 245 |
0 |
0 |
|a States versus markets in the world-system /
|c edited by Peter Evans, Dietrich Rueschemeyer, Evelyne Huber Stephens.
|
| 260 |
|
|
|a Beverly Hills, Calif. :
|b Sage Publications,
|c c1985.
|
| 300 |
|
|
|a 295 p. ;
|c 23 cm.
|
| 490 |
|
|
|a Political economy of the world-system annuals ;
|v v. 8
|
| 504 |
|
|
|a Includes bibliographies.
|
| 541 |
|
|
|e 1570
|
| 650 |
|
0 |
|a Industrial policy
|v Case studies.
|9 10879
|
| 650 |
|
0 |
|a Comparative advantage (International trade)
|v Case studies.
|9 10880
|
| 700 |
1 |
|
|a Evans, Peter B.,
|d 1944-
|9 10881
|
| 700 |
1 |
|
|a Rueschemeyer, Dietrich.
|9 10882
|
| 700 |
1 |
|
|a Huber, Evelyne,
|d 1950-
|9 10883
|
| 942 |
|
|
|2 ddc
|c BK
|
| 999 |
|
|
|c 34356
|d 34356
|
| 952 |
|
|
|0 0
|1 0
|2 ddc
|4 0
|6 338_900000000000000_STA
|7 0
|9 53646
|a SCL
|b SCL
|c GEN
|d 2015-05-02
|e Gift: The Asia Foundation
|l 0
|o 338.9 STA
|p 3020001570
|r 2015-05-02
|t 1
|w 2015-05-02
|y BK
|